[Event "IECG CP.2002.P.00002 email"]
[Site "IECG email"]
[Date "2002.10.01"]
[Round "?"]
[White "Hucks, Lewis A"]
[Black "Lynch, Seth"]
[Result "0-1"]
[WhiteElo "1605"]
[BlackElo "958"]
[PlyCount "38"]
[EventDate "2002.10.01"]
[EventType "tourn (corr)"]
[EventRounds "6"]
[EventCountry "NED"]
[SourceTitle "Corr 2008"]
[Source "ChessBase"]
[SourceDate "2008.06.24"]
[SourceVersion "1"]
[SourceVersionDate "2008.06.24"]
[SourceQuality "1"]

1. e4 e5 2. Nf3 Nc6 3. Bb5 a6 4. Bxc6 dxc6 5. 0-0 Bg4 6. h3 Bh5 7. g4 Bg6 8. Nxe5 Qh4 9. Qf3 Bd6 10. Nxg6 hxg6 11. Kg2 Be5 12. c3 c5 13. Rh1 0-0-0 14. Na3 Ne7 15. Nc4 Nc6 16. Nxe5 Nxe5 17. Qg3 Rd3 18. Qxh4 Rxh4 19. b3 Nf3 0-1

[Event "IECG RN.2001.0.00006"]
[Site "IECG email"]
[Date "2001.06.14"]
[Round "?"]
[White "Lynch, Seth"]
[Black "Hort, Wolfgang"]
[Result "0-1"]
[WhiteElo "847"]
[BlackElo "800"]
[PlyCount "70"]
[EventDate "2001.06.14"]
[EventType "tourn (corr)"]
[EventRounds "6"]
[SourceTitle "Corr 2008"]
[Source "ChessBase"]
[SourceDate "2008.06.24"]
[SourceVersion "1"]
[SourceVersionDate "2008.06.24"]
[SourceQuality "1"]

1. e4 c5 2. Nf3 d6 3. d4 cxd4 4. Nxd4 Nf6 5. Nc3 a6 6. Bg5 Nc6 7. Bxf6 exf6 8. Nxc6 bxc6 9. Bc4 f5 10. Qf3 Qe7 11. 0-0 fxe4 12. Nxe4 d5 13. Rfe1 Be6 14. Ng3 Qh4 15. Rad1 Qxc4 16. Nf5 h5 17. Nd4 Rh6 18. b3 Qc5 19. c3 Be7 20. Rd2 Bg4 21. Qd3 Kf8 22. h3 Bd7 23. b4 Qc4 24. Qxc4 dxc4 25. Nf3 Bf5 26. Rde2 Re6 27. Nd4 Rxe2 28. Rxe2 Bd3 29. Re5 h4 30. Rh5 Kg8 31. Ra5 Bf6 32. Ra3 Bxd4 33. cxd4 Rb8 34. Rxa6 c5 35. bxc5 c3 0-1

[Event "IECG RN.2001.0.00006"]
[Site "IECG email"]
[Date "2001.06.14"]
[Round "?"]
[White "Vio, Mauro"]
[Black "Lynch, Seth"]
[Result "0-1"]
[WhiteElo "818"]
[BlackElo "847"]
[PlyCount "104"]
[EventDate "2001.06.14"]
[EventType "tourn (corr)"]
[EventRounds "6"]
[SourceTitle "Corr 2008"]
[Source "ChessBase"]
[SourceDate "2008.06.24"]
[SourceVersion "1"]
[SourceVersionDate "2008.06.24"]
[SourceQuality "1"]

1. Nf3 d5 2. g3 Nf6 3. d4 Bf5 4. Bg2 Nc6 5. 0-0 h6 6. Bf4 e6 7. Nc3 Bb4 8. Nh4 Bh7 9. Nb5 Ba5 10. Nf3 0-0 11. c3 a6 12. Na3 Ne7 13. Ne5 Nf5 14. Nc2 c6 15. a4 Bc7 16. b3 c5 17. e4 Nxe4 18. Bxe4 dxe4 19. dxc5 g5 20. Qg4 h5 21. Qxh5 gxf4 22. Qg4+ Kh8 23. Rad1 Qe8 24. Nd7 Rg8 25. Qh5 Rg6 26. Rfe1 fxg3 27. hxg3 Rd8 28. Nb6 Rxd1 29. Qxd1 Bxb6 30. cxb6 Qc6 31. Qd8+ Kg7 32. c4 e5 33. Ne3 Nxe3 34. Rxe3 Qxb6 35. Qxb6 Rxb6 36. g4 Rd6 37. Kf1 Rd3 38. Kg2 Rxe3 39. fxe3 f5 40. gxf5 Bxf5 41. a5 Kf6 42. Kf2 Ke7 43. Ke2 Kd6 44. Kd2 Kc5 45. Kc3 b5 46. axb6 Kxb6 47. b4 a5 48. bxa5+ Kxa5 49. Kb3 Be6 50. Kc3 Ka4 51. Kd2 Bxc4 52. Kc3 Bd3 0-1

[Event "IECG RN.2001.0.00005"]
[Site "IECG email"]
[Date "2001.05.06"]
[Round "?"]
[White "Lynch, Seth"]
[Black "Soule, Larry P"]
[Result "0-1"]
[WhiteElo "848"]
[BlackElo "687"]
[PlyCount "36"]
[EventDate "2001.05.06"]
[EventType "tourn (corr)"]
[EventRounds "6"]
[SourceTitle "Corr 2008"]
[Source "ChessBase"]
[SourceDate "2008.06.24"]
[SourceVersion "1"]
[SourceVersionDate "2008.06.24"]
[SourceQuality "1"]

1. e4 e5 2. Nf3 Nc6 3. Bc4 Bc5 4. b4 Bxb4 5. c3 Bc5 6. d4 exd4 7. cxd4 Bb6 8. 0-0 d6 9. Re1 Nf6 10. e5 dxe5 11. Nxe5 0-0 12. Ba3 Nxe5 13. Bxf8 Nxc4 14. Be7 Qxd4 15. Bxf6 Qxf2+ 16. Kh1 Be6 17. Bg5 Bd5 18. Rf1 Bxg2# 0-1

[Event "IECG CN.2001.0.00243"]
[Site "IECG email"]
[Date "2001.04.15"]
[Round "?"]
[White "Henderson, Michael A"]
[Black "Lynch, Seth"]
[Result "1-0"]
[WhiteElo "800"]
[BlackElo "848"]
[PlyCount "45"]
[EventDate "2001.04.15"]
[EventType "tourn (corr)"]
[EventRounds "6"]
[SourceTitle "Corr 2008"]
[Source "ChessBase"]
[SourceDate "2008.06.24"]
[SourceVersion "1"]
[SourceVersionDate "2008.06.24"]
[SourceQuality "1"]

1. d4 d5 2. c4 dxc4 3. e3 e5 4. Bxc4 exd4 5. exd4 Bb4+ 6. Nc3 Nf6 7. Nf3 Bg4 8. Bxf7+ Kxf7 9. Ne5+ Kf8 10. Nxg4 Nc6 11. Be3 Nd5 12. 0-0 Nxc3 13. bxc3 Bxc3 14. Rc1 Bb4 15. Qb3 Qd6 16. Rxc6 bxc6 17. Ne5 Qd5 18. Qxb4+ c5 19. Qa5 Qd6 20. Rc1 cxd4 21. Rc6 Rb8 22. h4 Rb1+ 23. Kh2 1-0

[Event "IECG CN.2001.0.00243"]
[Site "IECG email"]
[Date "2001.04.15"]
[Round "?"]
[White "Lynch, Seth"]
[Black "Caherec, Emmanuel"]
[Result "1-0"]
[WhiteElo "848"]
[BlackElo "776"]
[PlyCount "69"]
[EventDate "2001.04.15"]
[EventType "tourn (corr)"]
[EventRounds "6"]
[SourceTitle "Corr 2008"]
[Source "ChessBase"]
[SourceDate "2008.06.24"]
[SourceVersion "1"]
[SourceVersionDate "2008.06.24"]
[SourceQuality "1"]

1. e4 e5 2. Nf3 Nc6 3. Bb5 a6 4. Ba4 Nf6 5. Qe2 Be7 6. Bxc6 dxc6 7. d3 Bd6 8. h3 0-0 9. 0-0 b5 10. Bg5 c5 11. Nbd2 Bb7 12. a4 bxa4 13. Rxa4 Rb8 14. Nc4 Re8 15. b3 h6 16. Bh4 g5 17. Bg3 Nh5 18. Bxe5 f5 19. Nfd2 Bxe5 20. Qxh5 Qf6 21. Nxe5 Rxe5 22. Nf3 Re6 23. exf5 Qxf5 24. Nh4 Qd5 25. Qg4 Kh7 26. Nf3 Rbe8 27. Nd2 Re1 28. Ne4 Rxf1+ 29. Kxf1 Kg6 30. h4 Qe5 31. hxg5 hxg5 32. f4 Qe6 33. Qxg5+ Kf7 34. Qxc5 Re7 35. Ng5+ 1-0

[Event "IECG CN.2001.0.00243"]
[Site "IECG email"]
[Date "2001.04.15"]
[Round "?"]
[White "Woodfin, David"]
[Black "Lynch, Seth"]
[Result "0-1"]
[WhiteElo "675"]
[BlackElo "848"]
[PlyCount "62"]
[EventDate "2001.04.15"]
[EventType "tourn (corr)"]
[EventRounds "6"]
[SourceTitle "Corr 2008"]
[Source "ChessBase"]
[SourceDate "2008.06.24"]
[SourceVersion "1"]
[SourceVersionDate "2008.06.24"]
[SourceQuality "1"]

1. e4 e5 2. Nf3 Nc6 3. d4 exd4 4. Nxd4 Bc5 5. Nxc6 Qf6 6. f3 dxc6 7. c3 Bd7 8. b4 Bxb4 9. Bb2 0-0-0 10. Qa4 Bc5 11. Nd2 Ne7 12. 0-0-0 Be6 13. c4 Bd4 14. Bxd4 Qxd4 15. Be2 Rd6 16. Qc2 Rhd8 17. Nb3 Qe3+ 18. Kb1 f5 19. Rxd6 Rxd6 20. Rd1 fxe4 21. Rxd6 cxd6 22. fxe4 Qg1+ 23. Qd1 Qxh2 24. Qxd6 Qxd6 25. Bf3 Bxc4 26. Kb2 Bxb3 27. axb3 b5 28. b4 Qxb4+ 29. Ka2 c5 30. g4 c4 31. e5 Qa4+ 0-1

[Event "IECG CN.2000.0.00206"]
[Site "IECG email"]
[Date "2000.08.08"]
[Round "?"]
[White "Lynch, Seth"]
[Black "Hennings, Wolfgang"]
[Result "0-1"]
[WhiteElo "838"]
[BlackElo "942"]
[PlyCount "62"]
[EventDate "2000.08.08"]
[EventType "tourn (corr)"]
[EventRounds "6"]
[SourceTitle "Corr 2008"]
[Source "ChessBase"]
[SourceDate "2008.06.24"]
[SourceVersion "1"]
[SourceVersionDate "2008.06.24"]
[SourceQuality "1"]

1. e4 c5 2. Nf3 d6 3. d4 cxd4 4. Nxd4 Nf6 5. Nc3 a6 6. Bd3 e6 7. Bg5 Be7 8. 0-0 Nxe4 9. Bxe7 Nxc3 10. Bxd8 Nxd1 11. Raxd1 Kxd8 12. Rfe1 Nc6 13. Nf3 h6 14. c3 b5 15. Be4 Kc7 16. Re2 Bb7 17. Bc2 Rhd8 18. a4 b4 19. Bd3 Rac8 20. c4 Na5 21. Nd2 Kb6 22. Re3 d5 23. cxd5 Bxd5 24. Kf1 Bc6 25. Ra1 Rd4 26. Nf3 Bxf3 27. Rxf3 Nb3 28. a5+ Nxa5 29. Re1 Nb3 30. Ke2 Rcd8 31. Re3 Nc5 0-1

[Event "IECG CN.2000.0.00198"]
[Site "IECG email"]
[Date "2000.06.27"]
[Round "?"]
[White "Roos, Bernhard"]
[Black "Lynch, Seth"]
[Result "1/2-1/2"]
[WhiteElo "964"]
[BlackElo "850"]
[PlyCount "76"]
[EventDate "2000.06.27"]
[EventType "tourn (corr)"]
[EventRounds "6"]
[SourceTitle "Corr 2008"]
[Source "ChessBase"]
[SourceDate "2008.06.24"]
[SourceVersion "1"]
[SourceVersionDate "2008.06.24"]
[SourceQuality "1"]

1. d4 Nf6 2. c4 g6 3. Nc3 d5 4. Nf3 e6 5. e3 Bg7 6. Qb3 0-0 7. Be2 Nc6 8. 0-0 Qe7 9. cxd5 Nxd5 10. Nxd5 exd5 11. Bd2 Rd8 12. Rac1 a6 13. Qc3 Bd7 14. Qc5 Qxc5 15. Rxc5 Be6 16. Rfc1 Bf8 17. R5c3 Bg4 18. a3 Bd6 19. h3 Be6 20. Rb3 Rab8 21. Ng5 Ne7 22. f4 Bf5 23. g4 Bd7 24. Nf3 Re8 25. Bb4 Ba4 26. Rbc3 Bxb4 27. axb4 c6 28. Ne5 Rbd8 29. Ra1 Bb5 30. Bxb5 axb5 31. Ra7 f6 32. Nd3 Nc8 33. Rxb7 Rxe3 34. Nc5 Re7 35. Kf2 Kf7 36. Rxe7+ Nxe7 37. Nb7 Rb8 38. Na5 Rc8 1/2-1/2

[Event "IECG CN.2000.0.00182"]
[Site "IECG email"]
[Date "2000.03.21"]
[Round "?"]
[White "Roos, Bernhard"]
[Black "Lynch, Seth"]
[Result "1-0"]
[WhiteElo "926"]
[BlackElo "839"]
[PlyCount "69"]
[EventDate "2000.03.21"]
[EventType "tourn (corr)"]
[EventRounds "6"]
[SourceTitle "Corr 2008"]
[Source "ChessBase"]
[SourceDate "2008.06.24"]
[SourceVersion "1"]
[SourceVersionDate "2008.06.24"]
[SourceQuality "1"]

1. e4 e5 2. Nf3 Nc6 3. Bc4 Nf6 4. d4 d5 5. exd5 Nxd4 6. Nxd4 exd4 7. Qxd4 c5 8. Qh4 Be7 9. 0-0 Nxd5 10. Qg3 0-0 11. Rd1 Be6 12. Nc3 Bd6 13. Qf3 Nxc3 14. Qxc3 Bxh2+ 15. Kxh2 Qxd1 16. Bxe6 fxe6 17. Qxc5 Rxf2 18. Qxf2 Qh5+ 19. Kg1 Rf8 20. Qd4 Qe2 21. Bd2 e5 22. Qe3 Qa6 23. Qxe5 Qg6 24. Bc3 Re8 25. Qd5+ Kh8 26. Qxb7 h5 27. Qxa7 Re2 28. Qxg7+ Qxg7 29. Bxg7+ Kxg7 30. Rc1 Kf6 31. a4 Ke5 32. a5 Kf4 33. Rf1+ Kg3 34. Rf3+ Kg4 35. Rc3 1-0

[Event "IECG QN.1999.0.00087"]
[Site "IECG email"]
[Date "1999.11.07"]
[Round "?"]
[White "Lynch, Seth"]
[Black "Rakovic, Miroslav"]
[Result "0-1"]
[WhiteElo "800"]
[BlackElo "800"]
[PlyCount "42"]
[EventDate "1999.11.07"]
[EventType "tourn (corr)"]
[EventRounds "6"]
[SourceTitle "Corr 2008"]
[Source "ChessBase"]
[SourceDate "2008.06.24"]
[SourceVersion "1"]
[SourceVersionDate "2008.06.24"]
[SourceQuality "1"]

1. e4 e6 2. d4 d5 3. Nc3 Nf6 4. Bg5 Be7 5. e5 Nfd7 6. Bxe7 Qxe7 7. Nf3 0-0 8. Bd3 c5 9. dxc5 Nc6 10. Na4 b6 11. cxb6 axb6 12. Bb5 Qb4+ 13. Nc3 Qxb2 14. 0-0 Qxc3 15. Bxc6 Qxc6 16. Re1 Ra3 17. Nd4 Qa4 18. Ne2 Nxe5 19. Nc3 Rxc3 20. Rxe5 Qxc2 21. Qg4 Qxa2 0-1

[Event "IECG CN.1999.0.00154"]
[Site "IECG email"]
[Date "1999.10.20"]
[Round "?"]
[White "Lynch, Seth"]
[Black "Mahany, Walt"]
[Result "0-1"]
[WhiteElo "800"]
[BlackElo "800"]
[PlyCount "52"]
[EventDate "1999.10.20"]
[EventType "tourn (corr)"]
[EventRounds "6"]
[SourceTitle "Corr 2008"]
[Source "ChessBase"]
[SourceDate "2008.06.24"]
[SourceVersion "1"]
[SourceVersionDate "2008.06.24"]
[SourceQuality "1"]

1. e4 e5 2. Nf3 Bd6 3. Bc4 Nf6 4. d4 Nxe4 5. Nxe5 Bxe5 6. dxe5 Nxf2 7. Bxf7+ Kxf7 8. Qf3+ Ke8 9. Qxf2 Rf8 10. Qg3 Rf5 11. Rf1 d6 12. Rxf5 Bxf5 13. Bg5 Qd7 14. Na3 h6 15. Bd2 Nc6 16. exd6 cxd6 17. 0-0-0 Kd8 18. Bxh6 Qf7 19. Bxg7 d5 20. Qg5+ Kd7 21. Rf1 Ne7 22. Bd4 Rg8 23. Qd2 Qg6 24. g3 a6 25. Bb6 Qxb6 26. Rxf5 Qg1+ 0-1

[Event "IECG CN.1999.0.00154"]
[Site "IECG email"]
[Date "1999.10.20"]
[Round "?"]
[White "Thorp, Jeremy"]
[Black "Lynch, Seth"]
[Result "1-0"]
[WhiteElo "800"]
[BlackElo "800"]
[PlyCount "29"]
[EventDate "1999.10.20"]
[EventType "tourn (corr)"]
[EventRounds "6"]
[SourceTitle "Corr 2008"]
[Source "ChessBase"]
[SourceDate "2008.06.24"]
[SourceVersion "1"]
[SourceVersionDate "2008.06.24"]
[SourceQuality "1"]

1. e4 e5 2. Nf3 Nc6 3. Bb5 a6 4. Bxc6 dxc6 5. 0-0 Bg4 6. h3 Bh5 7. g4 Bg6 8. Nxe5 Bxe4 9. Re1 f5 10. gxf5 Qf6 11. Rxe4 Qxf5 12. Qg4 Qxg4+ 13. hxg4 Nf6 14. Re1 0-0-0 15. Nf7 1-0